Εγκέφαλος και συμπεριφορά
Αποθηκεύτηκε σε:
| Κύριος συγγραφέας: | |
|---|---|
| Άλλοι συγγραφείς: | , , , |
| Μορφή: | Βιβλίο |
| Γλώσσα: | Greek English |
| Δημοσίευση: |
Αθήνα :
Πασχαλίδης, Broken Hill Publishers LTD,
2011.
|
| Έκδοση: | 2η έκδ. |
| Θέματα: | |
| Ετικέτες: |
Προσθήκη ετικέτας
Δεν υπάρχουν, Καταχωρήστε ετικέτα πρώτοι!
|
MARC
| LEADER | 00000cam a2200000 i 4500 | ||
|---|---|---|---|
| 001 | 1/48200 | ||
| 008 | 140526s2011 gr | ||| |||| ||gre|| | ||
| 020 | |a 9789604892839 | ||
| 035 | |l 10117788 | ||
| 040 | |a GR-MyUa |b gre |e AACR2 | ||
| 041 | 1 | |a gre |h eng | |
| 082 | 7 | |a 612.82 |2 (23) | |
| 100 | 1 | |a Kolb, Bryan, |d 1947- | |
| 245 | 1 | 0 | |a Εγκέφαλος και συμπεριφορά / |c Bryan Kolb, Ian Q. Whishaw ; γενική επιμέλεια: Ανδρέας Καστελλάκης, Γιώργος Παναγής ; επιστημονική επιμέλεια: Βλάχος Φίλιππος ... [κ.ά.] |
| 250 | |a 2η έκδ. | ||
| 260 | |a Αθήνα : |b Πασχαλίδης, |b Broken Hill Publishers LTD, |c 2011. | ||
| 300 | |a 792 σ. : |b εικ., φωτ. ; |c 28 εκ. | ||
| 500 | |a Τίτλος πρωτοτύπου: An introduction to brain and behavior. | ||
| 504 | |a Περιλαμβάνει βιβλιογραφικές παραπομπές και ευρετήριο. | ||
| 650 | 0 | |a Neurophysiology. | |
| 650 | 0 | |a Brain. | |
| 650 | 0 | |a Brain |x Physiology. | |
| 650 | 0 | |a Behavior therapy. | |
| 650 | 0 | |a Human behavior |x Psychological aspects. | |
| 700 | 1 | |a Whishaw, Ian Q. | |
| 700 | 1 | |a Καστελλάκης, Ανδρέας, |e edt | |
| 700 | 1 | |a Παναγής, Γιώργος, |e edt | |
| 700 | 1 | |a Βλάχος, Φίλιππος Μ. |e edt | |
| 852 | |a INST |b RHODES |c EUDOXUS |e 20140526 |h 612.82 KOL |p 005400036563 |q 005400036563 |t EDX |y 0 | ||
| 901 | |a BIBL4-2014-2 | ||
| 920 | |a ΕΥΔΟΞΟΣ |b ΕΠΙΣΤΡΟΦΗ |y Ρόδος |z 2014-05 | ||
| 970 | |z 2014/05/26 | ||